书目信息 |
| 题名: |
排列组合与数列
|
|
| 作者: | 周万祥 编著 | |
| 分册: | ||
| 出版信息: | 成都 四川人民出版社 1984 |
|
| 页数: | 207页 | |
| 开本: | 19cm | |
| 丛书名: | 初等数学研究丛书 | |
| 单 册: | ||
| 中图分类: | O122.4 | |
| 科图分类: | ||
| 主题词: | 排列 , 数列 , 组合 | |
| 电子资源: | ||
| ISBN: | ||
| 000 | 00731nam2 2200277 45 | |
| 001 | 0184002245 | |
| 005 | 20060419163652.26 | |
| 010 | @dCNY0.56 | |
| 091 | @a7118.715 | |
| 100 | @a19950620d1984 demy0chiy0121 ea | |
| 101 | 0 | @achi |
| 102 | @aCN@b510000 | |
| 105 | @ay z 000yy | |
| 200 | 10 | @a排列组合与数列@Apai lie zu he yu shu lie@f周万祥编著@Fzhou wan xiang bian zhu |
| 210 | @a成都@c四川人民出版社@d1984 | |
| 215 | @a207页@d19cm | |
| 225 | 2 | @a初等数学研究丛书 |
| 410 | 0 | @120010@a初等数学研究丛书 |
| 606 | @a排列 | |
| 606 | @a数列 | |
| 606 | @a组合 | |
| 690 | @aO122.4@v3 | |
| 701 | 0 | @a周万祥@Azhou wan xiang@4编著 |
| 801 | 2 | @aCN@bNLC@c20060419 |
| 801 | 0 | @aCN@b上海图书馆@c20040519 |
| 905 | @dO122.4@e7 | |
| 排列组合与数列/周万祥编著.-成都:四川人民出版社,1984 |
| 207页;19cm.-(初等数学研究丛书) |
| ISBN :CNY0.56 |
| ● |
| 相关链接 |
|
|
|
|
正题名:排列组合与数列
索取号:O122.4/7
 
预约/预借
| 序号 | 登录号 | 条形码 | 馆藏地/架位号 | 状态 | 备注 |
| 1 | 0119113 | 001243602 | 第三借阅区/ [索取号:O122.4/7] | 在馆 | |
| 2 | 0119114 | 001243639 | 第三借阅区/ [索取号:O122.4/7] | 在馆 | |
| 3 | 0119115 | 202250385 | 密集书库/ [索取号:O122.4/7] | 在馆 | |
| 4 | 0119116 | 202250303 | 密集书库/ [索取号:O122.4/7] | 在馆 | |
| 5 | 0119117 | 001243568 | 第三借阅区/ [索取号:O122.4/7] | 在馆 | |
| 6 | 0119118 | 202250330 | 密集书库/ [索取号:O122.4/7] | 在馆 | |
| 7 | 0119119 | 202250321 | 密集书库/ [索取号:O122.4/7] | 在馆 | |
| 8 | 0119120 | 202250526 | 密集书库/ [索取号:O122.4/7] | 在馆 | |
| 9 | 0119121 | 202250483 | 密集书库/ [索取号:O122.4/7] | 在馆 | |
| 10 | 0119122 | 202093073 | 第二样本阅览室/ [索取号:O122.4/7] | 在馆 |